Balística: teoría y práctica (Registro nro. 9451)

Detalles MARC
000 -Cabecera
Campo de control de longitud fija 00686nam a22002777a 4500
005 - Fecha y hora de la última transacción
Campo de control 20251120170051.0
008 - Elementos de longitud fija--Información general
Campo de control de longitud fija 150303b2008 xxu||||| |||| 00| 0 ES d
020 ## - International Standard Book Number
Número Internacional Estándar del Libro (ISBN) 9789583506796
041 ## - Idioma
Código de idioma Español
082 ## - Clasificación Decimal Dewey
Número de clasificación 363.256.2 R934b
100 ## - Entrada principal--Autor personal
Nombre personal Ruíz Moreno, Mario Daniel
9 (RLIN) 126
245 ## - Título propiamente dicho
Título Balística: teoría y práctica
260 ## - Pie de imprenta
Lugar de publicación, distribución, etc. Colombia
260 ## - Pie de imprenta
Nombre del editor, distribuidor, etc. TEMIS
260 ## - Pie de imprenta
Fecha de publicación, distribución, etc. 2008
300 ## - Descripción física
Extensión 216 páginas
490 ## - Serie
Título de la Serie Investigación Criminal
650 ## - Materia general
Temática (materia general) BALÍSTICA
650 ## - Materia general
Temática (materia general) HISTORIA
650 ## - Materia general
Temática (materia general) ARMAS DE FUEGO
650 ## - Materia general
Temática (materia general) TIPOS DE ARMAS
650 ## - Materia general
Temática (materia general) CARTUCHOS
650 ## - Materia general
Temática (materia general) CRIMINALÍSTICA
650 ## - Materia general
Temática (materia general) INVENCIONES BALÍSTICAS
942 ## - Punto de acceso adicional KOHA
Tipo de ítem KOHA Libro
Fuente del sistema de clasificación o colocación Dewey Decimal Classification
Existencias
Signatura completa Código de barras Programa Académico Tipo de ítem
363.256.2 R934b 13079 Investigación Criminal Libro
363.256.2 R934b 13080 Investigación Criminal Libro